000 00588nam a2200133Ia 4500
008 231129s2000||||xx |||||||||||||| ||spa||
020 _a958-14-0327-2
040 _bspa
082 _a701.17 S578
245 0 _aSigno función y valor: estética y semiotica del arte de Jan Mukarovsky
260 _c2000
264 _aBogotá Colombia : Universidad Nacional de Colombia. Facultad de Ciencias Humanas Departamento de Literatura : Universidad de los Andes. Facultad de Artes y Humanidades Departamento de Humanidades y Literatura
942 _2ddc
_cBKS
999 _c24603
_d24603